000 00367nam a2200157Ia 4500
003 0STCL
008 150530s9999 xx 000 0 und d
040 _aSTCL
_cSTCL
100 _aRobert Louis Stevenson
245 _aTreasure Island
260 _bUniversity of Calicut
_c1995
546 _aEnglish
942 _2ddc
_cBK
999 _c58109
_d58109
005 20220125171041.0